00470nam a2200193Ia 4500003000400000005001700004008004100021020001800062040000700080041000800087082002000095100002800115245002800143250000600171260004000177300002000217365001700237650002200254OSt20230517152716.0210423s2013 xx 000 0 und d a9781464109812 cAL aeng a574.88 LODH223 aLODISH (Harvey);others. aMolecular cell biology. a7 aNew YorkbMacmillan India Ltdc2013 axxxiii,1154bPB b5735.04cINR aMolecular Biology